| 000 | 00806nam a2200205Ia 4500 | ||
|---|---|---|---|
| 999 |
_c20685 _d20685 |
||
| 082 | _aTS.0445 | ||
| 100 | _aSinghvi, Sajjan Singh | ||
| 245 | 0 | _aStandardform contracts : A study with special reference to laws of India, England and America | |
| 260 |
_c1977 _bUniversity of Udaipur |
||
| 300 | _a393p. + C D - 56 | ||
| 650 | _aSTANDARD CONDITIONS OF CONTRACT//STANDARDIZED TERMS OF CONTRACTS | ||
| 650 | _aCONTRACTS OF ADHESION//STANDARDIZED TERMS OF CONTRACTS | ||
| 650 | _aSTANDARDIZED TERMS OF CONTRACTS | ||
| 650 | _aCONTRACTS, STANDARD//STANDARDIZED TERMS OF CONTRACTS | ||
| 650 | _aCONTRACTS, UNIFORM//STANDARDIZED TERMS OF CONTRACTS | ||
| 650 | _aSTANDARD CONTRACTS//STANDARDIZED TERMS | ||
| 650 | _aSTANDARD CONTRACTS//STANDARDIZED TERMS | ||
| 710 | _aKasliwal, G.C. | ||
| 942 |
_cTH _2ddc |
||